Statistics for 10 most populous US cities that start with same 4 letters as the state they are in

Click here to take the quiz!

General Stats

  • This quiz has been taken 63 times
  • The average score is 6 of 10

Answer Stats

PopAnswer% Correct
8.1millNew York
98%
820000Indianapolis
84%
145000Kansas City
80%
579000Oklahoma City
77%
382000Minneapolis
71%
416000Colorado Springs
57%
437000Virginia Beach
54%
67000Iowa City
38%
56000Idaho Falls
27%
49000Minnetonka
4%

Score Distribution

Percentile by Number Answered

Percent of People with Each Score

Your Score History

You have not taken this quiz